Varíme mäsové špeciality

Bibliographic Details
Corporate Author: Media klub (vyd)
Other Authors: Potocká, Helena (Compiler), Mešková, Elena (fot)
Format: Book
Language:Slovak
PhysicalDescription:70 s. fareb. fotogr. 18 cm
Published: Bratislava Ikar 2001
ISBN:805510090X
Series:Prémiová knižnica
Subjects:

MARC

LEADER 00000nam a2200000 a 4500
001 vtls001432524
003 SK-MaSNL
005 20260302072649.0
008 251113s2001 xo a r 0 slo
015 |a SNBA2002/07-02548 
020 |a 805510090X 
035 |a SNK000387582 
040 |a SNK  |b slo  |c SNK  |e AACR2 
041 0 |a slo 
044 |a xo  |c SK 
080 |a 641.5(083.12)  |2 1981 
245 1 |a Varíme mäsové špeciality  |c [výber a spracovanie receptov Helena Potocká] 
260 |a Bratislava  |b Ikar  |c 2001 
300 |a 70 s.  |b fareb. fotogr.  |c 18 cm 
490 1 |a Prémiová knižnica 
500 |a Fotogr. na tit. strane 
500 |a Údaj o sprac. prevzatý z rubu tit. strany 
500 |a Vyd. pre Media klub, Bratislava 
500 |a Fotogr. Elena Mešková 
650 0 7 |a mäso  |x príprava  |x predpisy kuchárske  |2 SNK  |9 736111 
655 7 |a príručky  |2 SNK  |9 74364 
700 1 |a Potocká, Helena  |4 com  |9 5087 
700 1 |a Mešková, Elena  |4 fot  |9 5093 
710 0 |a Media klub  |4 vyd  |9 77233 
830 0 |a Prémiová knižnica  |9 284336 
919 |a 80-551-0090-X 
958 |a TL 
999 |c 1157513  |d 1159443 
952 |t P60, <03>, [BOOK], {603}  |a SNK  |b SNK  |y PREZ  |7 0  |p 17A0340849  |o snkSD 72098  |i snkKSP 4632/2002  |0 0  |1 0  |4 0  |d 2002-04-23  |l 0  |r 2005-01-02 00:00:00  |w 2026-02-24 
952 |t P60, <04>, [BOOK], {604}  |a SNK  |b SNK  |y VYP  |7 0  |p 17A0340850  |o snkSD 72098 D1  |i snkKSP 4633/2002  |0 0  |1 0  |4 0  |d 2002-04-23  |l 0  |r 2005-01-02 00:00:00  |w 2026-02-24